Statistics for Regions of Greece Map Quiz

Click here to take the quiz!

General Stats

  • This quiz has been taken 1,201 times
  • The average score is 10 of 13

Answers on the Map

Answers color-coded by a green-red scale on the quiz's map according to % correct below.
 

Answer Stats

Answer% Correct
Crete
92%
Eastern Macedonia and Thrace
84%
Ionian Islands
84%
Peloponnese
80%
Attica
78%
Northern Aegean
78%
Central Macedonia
77%
Southern Aegean
77%
Central Greece
73%
Western Greece
73%
Western Macedonia
73%
Epirus
61%
Thessaly
61%

Score Distribution

Percentile by Number Answered

Percent of People with Each Score

Your Score History

You have not taken this quiz